000 00232nam a22001097a 4500
020 _a0-7214-1656-x
082 _a823
_bNEB/R
245 _aTHE RAILWAY CHILDREN
260 _aUSA
_bLADYBIRD
650 _aENGLISH STORY
_zUSA
942 _cBK
999 _c1956
_d1956